Couleur de A-Z - Statistiques

Statistiques générales
  • Ce quiz a été pris 349 fois
  • Le résultat moyen est 10 sur 26
Statistiques - réponses
Couleur Indice Lettre Nom % Correct
. Couleur la plus Foncé N Noir
89%
. Aussi une Pierre Précieuse E Émeraude
83%
. Aussi un Fruit utilisé beaucoup sur les Pizzas O Olive
77%
. Aussi un Fruit K Kaki
75%
. Entre le Beige et l'Orange, aussi un Fruit à Noyau P Pêche
67%
. Aussi une Pierre Précieuse J Jade
65%
. Couleur brillante dans les tons Chauds D Doré
61%
. Aussi un Fruit A Aubergine
60%
. Entre le Bleu et le Violet I Indigo
59%
. Aussi un Aliment Marin gras très protéiné S Saumon
59%
. Nom Composé d'une Couleur et d'une Friandise R Rose Bonbon
49%
. Aussi un Aliment Gras B Beurre
46%
. Aussi une Plante Aromatique très connue M Menthe
44%
. Tout le Spectre Violet U Ultraviolet
37%
. Aussi une Pierre Précieuse T Turquoise
36%
. Aussi une Fleur portant bien son nom L Lavande
32%
. Aussi une Plante F Fuchsia
23%
. Aussi un Prénom et une Pièce de Théâtre C Carmin
21%
. Aussi un Adjectif pour une situation quelque peu effrayante et repoussante G Glauque
12%
. Violet tirant sur le Rouge surtout utilisé dans le Monde de laMode Moderne Z Zinzolin
4%
. Aussi une Partie du Coprs d'un Animal de la Ferme Q Queue de Vache
3%
. Brun Foncé tirant vers le Rouge W Wengé
3%
. Aussi une Fleur très Odorante H Héliotrope
1%
. Aussi une Partie du Coprs d'un Animal de la Forêt V Ventre de Biche
1%
. Couleur Jaune-Verdâtre Inventée et utilisée dans le Mondede la Mode X Xanthe
1%
. Une épice Grecque en Japonais Y Yamabuki-Iro
0%
Aucun quiz correspondant
Distribution des résultats
% des personnes avec chaque résultat
Percentile par nombre de réponses
Votre historique - résultats
Vous n’avez pas pris ce quiz